Recetario fotográfico: manual práctico de todas las manipulaciones empleadas en los estudios fotográficos, compendio de métodos y formulas modernas

Guardat en:
Dades bibliogràfiques
Autors principals: Wall, E. J (Autor), Jordan, Frakin I (Autor)
Format: Llibre
Idioma:espanyol
Publicat: Barcelona Reverte 1953
Edició:3a. ed
Matèries:
Etiquetes: Afegir etiqueta
Sense etiquetes, Sigues el primer a etiquetar aquest registre!

MARC

LEADER 00000nam a2200000 a 4500
001 UCY0250
003 CL-VaPUC
008 940719e19530000SP |||||||||||||||||spa|d
082 0 4 |a 771  |b WAL  |2 21 
100 0 |a Wall, E. J  |e author  |9 327881 
700 0 |a Jordan, Frakin I  |e author  |9 327882 
245 1 0 |a Recetario fotográfico: manual práctico de todas las manipulaciones empleadas en los estudios fotográficos, compendio de métodos y formulas modernas 
250 |a 3a. ed 
300 |a 382 p 
942 |c BK 
945 |d 19940719 00:00:00  |a oaravena 
260 |a Barcelona  |b Reverte  |c 1953 
650 7 |a FOTOGRAFIA TECNICA  |2 CL-VaPUC  |9 308027 
650 7 |a FOTOGRAFIA PROCEDIMIENTO DE IMPRESION  |2 CL-VaPUC  |9 327883 
583 |a last modification  |c 19940719 00:00:00  |k Rodrigo Vera 
999 |c 229294  |d 229292 
952 |0 0  |1 0  |4 0  |6 771_000000000000000_WAL_1953  |7 0  |8 A  |9 230225  |a BIBARQ  |b BIBARQ  |d 2019-11-15  |i 2991888  |o 771 WAL 1953  |p 2991888  |r 2025-01-20  |w 2019-11-15  |y BK  |k ARQ